000
00253nam a22000977a 4500
008
170125b xxu||||| |||| 00| 0 eng d
041
_a
eng
080
_a
618.2
245
_a
THE NEW CHADD INFORMATION AND RESOURSE GUIDE TO AD/HD
_c
ROSS, E.C
942
_2
udc
_c
BK
999
_c
3592
_d
3592